[Event "NZL-ch Seniors Spiller Memorial"]
[Site "Howick"]
[Date "2022.08.18"]
[Round "1"]
[White "Hart, Ralph"]
[Black "Booth, Anthony"]
[Result "1-0"]
[WhiteElo "2071"]
[BlackElo "1607"]
[PlyCount "67"]
[EventDate "2022.08.18"]
[EventType "swiss"]
[EventRounds "6"]
[EventCountry "NZL"]
[SourceTitle "EXT 2024"]
[Source "ChessBase"]
[SourceDate "2023.10.10"]
[SourceVersion "1"]
[SourceVersionDate "2023.10.10"]
[SourceQuality "1"]

1. e4 c5 2. Nf3 d6 3. d4 cxd4 4. Nxd4 Nf6 5. Nc3 g6 6. Be3 Bg7 7. f3 Bd7 8. Qd2 h5 9. 0-0-0 Nc6 10. Kb1 Qa5 11. Bc4 a6 12. Bb3 b5 13. Qf2 Qc7 14. Bg5 Na5 15. Bxf6 exf6 16. Nd5 Qc5 17. Qh4 g5 18. Qe1 Nxb3 19. cxb3 Kf8 20. b4 Qa7 21. Qg3 Qb8 22. Rc1 h4 23. Qf2 Ra7 24. Nf5 Bxf5 25. exf5 Rd7 26. Nb6 Rd8 27. Rc8 Qxc8 28. Nxc8 Rxc8 29. Qa7 Kg8 30. Rc1 Kh7 31. Qd7 Rcd8 32. Qxf7 Rhf8 33. Qg6+ Kg8 34. Rc7 1-0

[Event "NZL-ch Seniors"]
[Site "Auckland"]
[Date "2020.11.26"]
[Round "1"]
[White "Fulo, Nunilon III"]
[Black "Booth, Anthony"]
[Result "1-0"]
[WhiteElo "1996"]
[BlackElo "1615"]
[PlyCount "83"]
[EventDate "2020.11.26"]
[EventType "swiss"]
[EventRounds "6"]
[EventCountry "NZL"]
[SourceTitle "EXT 2024"]
[Source "ChessBase"]
[SourceDate "2023.10.10"]
[SourceVersion "1"]
[SourceVersionDate "2023.10.10"]
[SourceQuality "1"]

1. e4 c5 2. Nf3 d6 3. d4 cxd4 4. Nxd4 Nc6 5. c4 g6 6. Nc3 a6 7. Be3 Bg7 8. Nd5 Rb8 9. Be2 Nf6 10. Nc3 0-0 11. 0-0 Ne5 12. h3 Qc7 13. Qb3 Ned7 14. Rac1 Nc5 15. Qc2 e6 16. b4 Ncd7 17. Rfd1 Nb6 18. c5 dxc5 19. bxc5 Nbd7 20. Na4 b5 21. Nb2 Ne5 22. c6 Rd8 23. Kh1 Ne8 24. Bf4 Rb6 25. a4 Nd6 26. a5 Rb8 27. Nb3 Nxc6 28. Qxc6 Qxc6 29. Rxc6 Bb7 30. Rcxd6 Rxd6 31. Bxd6 Rd8 32. e5 f6 33. Nc5 Bd5 34. Be7 Rc8 35. exf6 Kf7 36. fxg7 Kxe7 37. Nxa6 Kf7 38. Nb4 Kxg7 39. a6 Ra8 40. Bxb5 Rb8 41. Nxd5 Rxb5 42. Ra1 1-0

[Event "Wch Seniors 65 28th"]
[Site "Bled"]
[Date "2018.11.21"]
[Round "4"]
[White "Wibe, Per H"]
[Black "Booth, Anthony"]
[Result "1-0"]
[WhiteElo "1752"]
[BlackElo "1648"]
[PlyCount "81"]
[EventDate "2018.11.18"]
[EventType "swiss"]
[EventRounds "11"]
[EventCountry "SLO"]
[SourceTitle "CBM 187 Extra"]
[Source "ChessBase"]
[SourceDate "2018.11.04"]
[SourceVersion "1"]
[SourceVersionDate "2018.11.04"]
[SourceQuality "1"]

1. d4 d5 2. Bf4 Nf6 3. e3 Nc6 4. c3 a6 5. Bd3 e6 6. Nd2 Bd6 7. Bg5 Be7 8. Ngf3 h6 9. Bh4 g5 10. Bg3 Bd6 11. Ne5 Bxe5 12. dxe5 Nd7 13. f4 gxf4 14. exf4 h5 15. 0-0 h4 16. Bf2 Ne7 17. Qg4 Ng8 18. Qg7 Rh5 19. Be2 Rh6 20. Qxg8+ Nf8 21. Qg5 Qxg5 22. fxg5 Rh8 23. Nf3 Ng6 24. g3 h3 25. Bd3 Bd7 26. Bxg6 fxg6 27. Nh4 Rg8 28. Be3 0-0-0 29. Rf6 Be8 30. Rxe6 Kd7 31. Rf6 b6 32. Rd1 Ke7 33. c4 dxc4 34. Rxd8 Kxd8 35. Rf4 b5 36. Nf3 a5 37. Bc5 Rg7 38. e6 c6 39. Rf8 Rb7 40. Ne5 Kc7 41. Rxe8 1-0

[Event "Auckland ACA Jenkins m"]
[Site "Auckland"]
[Date "2018.09.05"]
[Round "1.15"]
[White "Booth, Anthony"]
[Black "Pakholjuk, Alex"]
[Result "0-1"]
[WhiteElo "1621"]
[BlackElo "1572"]
[PlyCount "118"]
[EventDate "2018.09.05"]
[EventType "team-match"]
[EventRounds "1"]
[EventCountry "NZL"]
[SourceTitle "EXT 2024"]
[Source "ChessBase"]
[SourceDate "2023.10.10"]
[SourceVersion "1"]
[SourceVersionDate "2023.10.10"]
[SourceQuality "1"]
[WhiteTeam "Howick Pakuranga"]
[BlackTeam "North Shore"]
[WhiteTeamCountry "NZL"]
[BlackTeamCountry "NZL"]

1. d4 d5 2. c4 e5 3. dxe5 d4 4. Nf3 Bb4+ 5. Bd2 Nc6 6. Bxb4 Nxb4 7. a3 Nc6 8. Nbd2 Bg4 9. h3 Bxf3 10. Nxf3 Nge7 11. Qd3 Qd7 12. e3 0-0-0 13. exd4 Nxd4 14. Nxd4 Qxd4 15. Qxd4 Rxd4 16. f3 Ng6 17. Be2 Nxe5 18. Rc1 Re8 19. Kf2 Rd2 20. Kf1 Rxb2 21. f4 Nc6 22. Bg4+ Kb8 23. Kg1 Rb3 24. Kh2 Rxa3 25. Rhe1 Rae3 26. Red1 g6 27. Bf3 Kc8 28. Bd5 f5 29. Ra1 Rd8 30. Rdb1 Rd6 31. Bxc6 Rxc6 32. Rxa7 Rxc4 33. Raxb7 Re2 34. Rb8+ Kd7 35. Rd1+ Kc6 36. Rh8 Re7 37. Ra8 Rxf4 38. Rc1+ Kb7 39. Ra2 Rd4 40. Rb2+ Kc8 41. Ra1 Kd7 42. Rb8 Ke6 43. Raa8 c5 44. Rc8 c4 45. Ra4 Kd5 46. Rd8+ Ke4 47. Rc8 Kd3 48. Ra3+ Kc2 49. Rc5 Kb2 50. Rf3 Re5 51. Rb5+ Kc2 52. Rc5 f4 53. Ra5 Re3 54. Rf2+ Kd3 55. Ra1 Ke4 56. Rc1 c3 57. Rfc2 Rc4 58. Kg1 g5 59. Kf2 h5 0-1

[Event "NZL-ch op rapid"]
[Site "Palmerston North"]
[Date "2018.01.11"]
[Round "9"]
[White "Booth, Anthony"]
[Black "Winter, Ryan"]
[Result "0-1"]
[WhiteElo "1651"]
[BlackElo "1761"]
[PlyCount "100"]
[EventDate "2018.01.10"]
[EventType "swiss (rapid)"]
[EventRounds "9"]
[EventCountry "NZL"]
[SourceTitle "EXT 2019"]
[Source "ChessBase"]
[SourceDate "2018.10.10"]
[SourceVersion "1"]
[SourceVersionDate "2018.10.10"]
[SourceQuality "1"]

1. e4 c6 2. d4 d5 3. e5 Bf5 4. Nf3 e6 5. Bd3 Bxd3 6. Qxd3 Qa5+ 7. c3 Qa6 8. Qxa6 Nxa6 9. 0-0 Ne7 10. Nbd2 Nf5 11. Nb3 Rc8 12. g4 Ne7 13. Be3 h5 14. h3 Rc7 15. Kg2 Nc8 16. Rh1 Nb6 17. Nfd2 c5 18. dxc5 Nxc5 19. Nxc5 Bxc5 20. Bxc5 Rxc5 21. f4 Ke7 22. Raf1 Nd7 23. Nf3 Rc4 24. Nd2 Rcc8 25. Re1 Nc5 26. f5 Nd3 27. Rb1 Nxe5 28. fxe6 fxe6 29. g5 Rhf8 30. Rhf1 Kd6 31. Nf3 Nc4 32. Rfe1 Rxf3 33. Kxf3 Nd2+ 34. Ke3 Nxb1 35. Rxb1 Rc4 36. Rf1 Re4+ 37. Kd3 Ke7 38. Rf3 Re5 39. g6 Rf5 40. Rxf5 exf5 41. Kd4 f4 42. b3 Kf6 43. c4 dxc4 44. bxc4 Kxg6 45. Ke4 Kg5 46. a4 b6 47. a5 g6 48. Kf3 Kh4 49. Kxf4 Kxh3 50. Kg5 Kg3 0-1

[Event "Asia-ch Seniors 65 8th"]
[Site "Auckland"]
[Date "2017.10.15"]
[Round "9"]
[White "Booth, Anthony"]
[Black "Cooper, Nigel"]
[Result "1/2-1/2"]
[WhiteElo "1730"]
[BlackElo "1670"]
[PlyCount "67"]
[EventDate "2017.10.09"]
[EventType "swiss"]
[EventRounds "9"]
[EventCountry "NZL"]
[SourceTitle "CBM 181 Extra"]
[Source "ChessBase"]
[SourceDate "2017.12.12"]
[SourceVersion "1"]
[SourceVersionDate "2017.12.12"]
[SourceQuality "1"]

1. d4 g6 2. e4 Bg7 3. f4 d6 4. c3 Nf6 5. Bd3 0-0 6. h3 Nbd7 7. Be3 c5 8. Nd2 cxd4 9. cxd4 e5 10. fxe5 dxe5 11. d5 b6 12. Ne2 Bb7 13. 0-0 Qe7 14. a3 a5 15. Rc1 Rac8 16. Nc4 Bxd5 17. exd5 Nxd5 18. Bf2 e4 19. Bxe4 Qxe4 20. Nd6 Rxc1 21. Nxe4 Rxd1 22. Rxd1 N5f6 23. Nxf6+ Nxf6 24. Bxb6 Ne4 25. b3 Nc3 26. Nxc3 Bxc3 27. a4 Rb8 28. Rd8+ Rxd8 29. Bxd8 Kf8 30. Kf1 Ke8 31. Bb6 Kd7 32. Ke2 Kc6 33. Be3 Kd5 34. Kd3 1/2-1/2

[Event "Asia-ch Seniors 65 8th"]
[Site "Auckland"]
[Date "2017.10.10"]
[Round "2"]
[White "Torre, Eugenio"]
[Black "Booth, Anthony"]
[Result "1-0"]
[WhiteElo "2456"]
[BlackElo "1730"]
[PlyCount "55"]
[EventDate "2017.10.09"]
[EventType "swiss"]
[EventRounds "9"]
[EventCountry "NZL"]
[SourceTitle "CBM 181 Extra"]
[Source "ChessBase"]
[SourceDate "2017.12.12"]
[SourceVersion "1"]
[SourceVersionDate "2017.12.12"]
[SourceQuality "1"]

1. c4 e5 2. Nc3 Nc6 3. Nf3 Nf6 4. e3 d5 5. cxd5 Nxd5 6. Bb5 Nxc3 7. bxc3 Bd6 8. d4 exd4 9. cxd4 0-0 10. 0-0 Bd7 11. e4 a6 12. Be2 Bg4 13. Be3 b5 14. Rc1 Qd7 15. Qc2 Bxf3 16. Bxf3 Nxd4 17. Bxd4 Bxh2+ 18. Kxh2 Qxd4 19. Qxc7 g6 20. Kg1 Rfc8 21. Qa5 Rc4 22. Rfd1 Qb2 23. Rb1 Qc2 24. e5 Ra4 25. Qb6 Re8 26. Bd5 Qc8 27. Qf6 Rf8 28. e6 1-0

[Event "Asia-ch Seniors 65 8th"]
[Site "Auckland"]
[Date "2017.10.09"]
[Round "1"]
[White "Booth, Anthony"]
[Black "Kerr, Grant"]
[Result "1-0"]
[WhiteElo "1730"]
[BlackElo "1940"]
[PlyCount "43"]
[EventDate "2017.10.09"]
[EventType "swiss"]
[EventRounds "9"]
[EventCountry "NZL"]
[SourceTitle "CBM 181 Extra"]
[Source "ChessBase"]
[SourceDate "2017.12.12"]
[SourceVersion "1"]
[SourceVersionDate "2017.12.12"]
[SourceQuality "1"]

1. d4 Nf6 2. c4 g6 3. Nc3 Bg7 4. e4 d6 5. Be2 0-0 6. Nf3 e5 7. dxe5 dxe5 8. 0-0 Nc6 9. Bg5 h6 10. Bh4 g5 11. Bg3 Qe7 12. Nd5 Nxd5 13. cxd5 Nd4 14. Nxd4 exd4 15. Bd3 f5 16. exf5 Bxf5 17. Rc1 Bxd3 18. Qxd3 Rfc8 19. Rfe1 Qf7 20. Be5 Bxe5 21. Rxe5 Qf4 22. Qg6+ 1-0

[Event "NZL-ch Major op"]
[Site "Devonport"]
[Date "2016.01.09"]
[Round "8"]
[White "Booth, Anthony"]
[Black "Calitz, Hananke"]
[Result "1/2-1/2"]
[WhiteElo "1766"]
[BlackElo "1612"]
[PlyCount "61"]
[EventDate "2016.01.02"]
[EventType "swiss"]
[EventRounds "9"]
[EventCountry "NZL"]
[SourceTitle "EXT 2018"]
[Source "ChessBase"]
[SourceDate "2017.10.13"]
[SourceVersion "1"]
[SourceVersionDate "2017.10.13"]
[SourceQuality "1"]

1. e4 e6 2. Nf3 d5 3. exd5 exd5 4. d4 Nc6 5. Bf4 Bg4 6. Be2 Bxf3 7. Bxf3 Qe7+ 8. Be3 Qb4+ 9. Nd2 Nxd4 10. Bxd5 Qxb2 11. Bxd4 Qxd4 12. Bxb7 Rb8 13. Bc6+ Kd8 14. 0-0 Bd6 15. Ne4 Qe5 16. f4 Qe6 17. Re1 Ne7 18. Nxd6 Qxd6 19. Qxd6+ cxd6 20. Bf3 Kd7 21. Re4 Rhc8 22. Ra4 Rc7 23. c4 Nc8 24. Rc1 Rc5 25. Bd5 Ke7 26. Re1+ Kf8 27. Ra6 Rb6 28. Ra3 Rc7 29. Rae3 Re7 30. Kf1 Rb2 31. Ra3 1/2-1/2

[Event "NZL-ch Major op"]
[Site "Devonport"]
[Date "2016.01.06"]
[Round "5"]
[White "Li, Rodney Xiang Rei"]
[Black "Booth, Anthony"]
[Result "0-1"]
[WhiteElo "1479"]
[BlackElo "1766"]
[PlyCount "90"]
[EventDate "2016.01.02"]
[EventType "swiss"]
[EventRounds "9"]
[EventCountry "NZL"]
[SourceTitle "EXT 2018"]
[Source "ChessBase"]
[SourceDate "2017.10.13"]
[SourceVersion "1"]
[SourceVersionDate "2017.10.13"]
[SourceQuality "1"]

1. e4 c5 2. Nf3 d6 3. d4 cxd4 4. Nxd4 Nc6 5. Nc3 a6 6. Be3 g6 7. Qd2 Bg7 8. 0-0-0 Nf6 9. f3 0-0 10. g4 Nxd4 11. Bxd4 b5 12. Bd3 Bb7 13. h4 h5 14. gxh5 Nxh5 15. Bxg7 Kxg7 16. Rdg1 e6 17. f4 Rh8 18. f5 exf5 19. Rh3 fxe4 20. Bxe4 Bxe4 21. Nxe4 d5 22. Nc3 d4 23. Ne2 Qd5 24. Qxd4+ Qxd4 25. Nxd4 Nf4 26. Rh2 Rae8 27. Kd2 Re4 28. Nf5+ Kf6 29. Ng3 Rd8+ 30. Kc1 Re3 31. h5 gxh5 32. Nxh5+ Ke5 33. Nxf4 Kxf4 34. Rf2+ Rf3 35. Rgf1 Rxf2 36. Rxf2+ Ke3 37. Rxf7 Ke2 38. Re7+ Kf3 39. Re6 a5 40. Re5 Rb8 41. c4 bxc4 42. Rxa5 Ke3 43. Rd5 Ke4 44. Rd2 Ke3 45. Kc2 Rxb2+ 0-1

[Event "NZL-ch Seniors"]
[Site "Howick"]
[Date "2014.04.06"]
[Round "6"]
[White "Goffin, Peter B"]
[Black "Booth, Anthony"]
[Result "0-1"]
[WhiteElo "2024"]
[BlackElo "1783"]
[PlyCount "56"]
[EventDate "2014.04.04"]
[EventType "swiss"]
[EventRounds "7"]
[EventCountry "NZL"]
[SourceTitle "EXT 2018"]
[Source "ChessBase"]
[SourceDate "2017.10.13"]
[SourceVersion "1"]
[SourceVersionDate "2017.10.13"]
[SourceQuality "1"]

1. e4 e5 2. Nf3 Nc6 3. Bb5 a6 4. Ba4 Nf6 5. 0-0 Be7 6. Re1 0-0 7. c3 d6 8. d4 b5 9. Bb3 Bg4 10. d5 Na5 11. Nbd2 c6 12. dxc6 Nxc6 13. Nf1 Na5 14. Bc2 Nc6 15. h3 Bh5 16. Ng3 Bg6 17. Qe2 Qc7 18. Nh4 d5 19. Nxg6 hxg6 20. exd5 Nxd5 21. Qf3 Nf6 22. Bg5 Rac8 23. Bxf6 gxf6 24. Qg4 Bd8 25. Bb3 Ne7 26. Rad1 Rb8 27. Rd7 Qc8 28. Rxe7 Qxg4 0-1

[Event "Oceania-ch Seniors"]
[Site "Christchurch"]
[Date "2013.04.27"]
[Round "6"]
[White "Milligan, Helen"]
[Black "Booth, Anthony"]
[Result "1-0"]
[WhiteElo "1978"]
[BlackElo "1819"]
[PlyCount "63"]
[EventDate "2013.04.25"]
[EventType "swiss"]
[EventRounds "7"]
[EventCountry "NZL"]
[SourceTitle "EXT 2018"]
[Source "ChessBase"]
[SourceDate "2017.10.13"]
[SourceVersion "1"]
[SourceVersionDate "2017.10.13"]
[SourceQuality "1"]

1. e4 e5 2. Nf3 Nc6 3. Bb5 a6 4. Ba4 Nf6 5. 0-0 b5 6. Bb3 Be7 7. Re1 0-0 8. a4 Bb7 9. d3 d6 10. c3 b4 11. Nbd2 bxc3 12. bxc3 Na5 13. Bc2 Bc6 14. Nf1 Nb7 15. Ng3 Nc5 16. d4 exd4 17. cxd4 Ncd7 18. Qd3 Re8 19. Ba3 Nf8 20. d5 Bb7 21. Rab1 Rb8 22. Nd4 N6d7 23. f4 Bf6 24. Ngf5 Bxd4+ 25. Qxd4 Qf6 26. Bb2 Qxd4+ 27. Bxd4 f6 28. Ba7 Rbc8 29. Rxb7 Nb6 30. Bxb6 cxb6 31. Nxd6 Rxc2 32. Nxe8 1-0

[Event "Oceania-ch Seniors"]
[Site "Christchurch"]
[Date "2013.04.26"]
[Round "3"]
[White "Booth, Anthony"]
[Black "Gloistein, Bruce H"]
[Result "0-1"]
[WhiteElo "1790"]
[BlackElo "1819"]
[PlyCount "60"]
[EventDate "2013.04.25"]
[EventType "swiss"]
[EventRounds "7"]
[EventCountry "NZL"]
[SourceTitle "EXT 2018"]
[Source "ChessBase"]
[SourceDate "2017.10.13"]
[SourceVersion "1"]
[SourceVersionDate "2017.10.13"]
[SourceQuality "1"]

1. d4 d5 2. c4 e6 3. c5 Nf6 4. Bg5 Be7 5. e3 Ne4 6. Bf4 0-0 7. Bd3 f5 8. f3 Nf6 9. Qc2 Nc6 10. Ne2 Nb4 11. Qb3 Nxd3+ 12. Qxd3 a6 13. Nbc3 Bd7 14. e4 fxe4 15. fxe4 dxe4 16. Nxe4 Bb5 17. Nxf6+ Bxf6 18. Qe3 Bxe2 19. Qxe6+ Kh8 20. Qxe2 Re8 21. Be5 Bxe5 22. dxe5 Qh4+ 23. g3 Qb4+ 24. Kf1 Qxc5 25. Kg2 Rxe5 26. Qd3 Re3 27. Rac1 Qxc1 28. Rxc1 Rxd3 29. Rxc7 Rd2+ 30. Kh3 Rxb2 0-1